00482nam a2200157 i 450000100060000000300090000600500170001500700030003200800410003510000210007624500900009725000150018726000540020230000360025685200320029289695ES-MaACL20230906180241.0t|050112s1954 xxk ||||1| eng d1 aLawden, Derek F.10aMathematics of engineering systems b: (Linear and Non-Linear) /cby Derek F. Lawden. a[1st ed.]. aLondon : bMethuen, c[1954] (fThe Pitman Press) aVIII, 380 p. : bil. ; c22 cm. aES-MaACLjC-10981 bR.39104